000 00421nam a2200157Ia 4500
008 210716s2011 xx 000 0 und d
020 _a9788132107460
041 _aeng
082 _a658.8 BRER
100 _aBrennan; Ross; Canning, Louise; McDowell, Raymond.
245 _aBusiness to business marketing.
250 _a1
260 _aNew Delhi
_bSage Publications
_c2011
300 _axxi,386
650 _aMarketing
999 _c207876
_d207876